000 00296nam a22001337a 4500
008 180731b xxu||||| |||| 00| 0 eng d
082 _a813.52
245 _aThe Enjoyment of MUSIC
_cNorton
260 _c2007
300 _a1
_fCD
440 _x9780393107579
760 _b10th
942 _2ddc
_cMX
999 _c46694
_d46694